1181 1762 1599 1621 1854 1969 1596 1764 1279 1849 1119 1807 1897 1221 1345 1104 1319 1780 1262 1881 1401 1127 1693 1944 1411 1687 1035 1806 1935 1490 1982 1806 1462 1218 1986 1841 1950 1385 1858 1613 1121 1799 1793 1089 1631 1006 1174 1914 1397 1361 1231 1771 1169 1822 1485 1296 1735 1764 1699 1255 1432 1943 1074 1243 1989 1855 1807 1400 1782 1002 1657 1873 1393 1920 1489 1422 1437 1529 1221 1984 1377 1429 1464 1159 1051 1513 1460 1100 1022 1945 1196 1434 1731 1145 1736 1161 1968 1297 1419 BCNSPRNW ULIB Ver.6.0+V

เปลี่ยนเป็นภาษาไทย

Change to English
 แสดงรายละเอียดบรรณานุกรม
  กลับหน้าหลัก

Brief Record : Get Marc (ISO 2709) : E-mail record : QR code < ปิดหน้าต่าง
LEADER : 00000nam 2200000uu 4500
001    13399120085
003     ULIB
008    120829s2549||||th 000 0 tha d
020    ^a9789749557099
090    ^aนว.^bส894ส 2549
100 0  ^aโสภาค สุวรรณ
245 00 ^aส้มพอหลวง 1/^cโสภาค สุวรรค
250    ^aพิมพ์ครั้งที่ 2
260    ^aกรุงเทพฯ :^bรวมสาส์น,^c2549
300    ^a532 หน้า
945    ^p0^l0^i16167
995    ^aกัณชพร
999    ^aใช้งานได้ทุกระบบ
รายการนี้ยังไม่มีแท็ก
คุณยังไม่ได้ล็อกอิน คุณสามารถมีกิจกรรมร่วมกับเว็บไซต์ได้ แต่ต้องล็อกอินก่อน ::
  ล็อกอิน

รายการสื่อสารสนเทศ

ลำดับที่ ประเภท เลขเรียก/บาร์โค้ด สถานที่ สถานะ
1. นวนิยาย
นวนิยาย
นว. ส894ส 2549  
  Barcode: 16167
ห้องสมุดวิทยาเขตสวรรค์ประชารักษ์
►นวนิยาย
บนชั้น
  ขอยืม

BibComment


ยังไม่เคยถูกคอมเมนท์

คอมเมนท์ทรัพยากรรายการนี้
  คอมเมนท์: ส้มพอหลวง 1 โสภา..


 Copyright 2026. Bcnsprnw @Library